Odd One Out: Title Words by Author Quiz Stats

 Plays Quiz Updated Aug 27, 2017

     
Support Sporcle.
Go Orange.
Score 0/16 Timer 02:00
1 Play Today
Question Answer Wrong Answers
Arthur C. Clarke Rendezvous
96.5%
2001
1%
Space
0.5%
Odyssey
0.9%
Dr. Seuss Fish
94.6%
Green
2.8%
Eggs
1.2%
Ham
1.3%
J.K. Rowling Beasts
94.5%
Harry
2.2%
Chamber
0.8%
Secrets
1.1%
Oscar Wilde Dorian
93.4%
Importance
2.1%
Being
1.4%
Earnest
2.5%
Ray Bradbury Fahrenheit
93.3%
Something
0.8%
Wicked
1.7%
Comes
0.8%
Tom Clancy Patriot
93.2%
Hunt
1.6%
Red
0.9%
October
1.8%
Ernest Hemingway Farewell
92.3%
Whom
1.3%
Bell
1.1%
Tolls
1.2%
Shakespeare Midsummer
91.3%
Merry
1.4%
Wives
1%
Windsor
2.9%
Charles Dickens Copperfield
91.1%
Old
1.2%
Curiosity
2.2%
Shop
2.5%
Edgar Allan Poe Amontillado
85.2%
Fall
2.2%
House
1.4%
Usher
8.2%
Stephen King Sematary
84.8%
Girl
2.3%
Loved
1.9%
Gordon
6.9%
Mark Twain Pudd'nhead
82.9%
Connecticut
4.2%
Yankee
3.1%
Court
3.3%
Roald Dahl Peach
76.7%
Charlie
8.5%
Glass
1.7%
Elevator
8.2%
Erik Larson Thunderstruck
73.4%
Devil
9.2%
White
5.3%
City
7%
C.S. Lewis Caspian
70.6%
Voyage
3.6%
Dawn
4.5%
Treader
19.1%
Herman Melville Whale
41.7%
Omoo
46%
South
4.4%
Seas
1.9%

From the Vault

MLB HR Leaders (2000s)

by jonstone

Sports 8m
You might say that the 2000s greatly enhanced the performance of these MLB players.
Remove Ads.
Support Sporcle.
Get the best of Sporcle when you Go Orange. This ad-free experience offers more features, more stats, and more fun while also helping to support Sporcle. Thank you for becoming a member.

Show Comments

Extras

Top Quizzes Today


Score Distribution

Your Account Isn't Verified!

In order to create a playlist on Sporcle, you need to verify the email address you used during registration. Go to your Sporcle Settings to finish the process.

Report this User

Report this user for behavior that violates our Community Guidelines.

Details: